<?xml version="1.0" encoding="UTF-8"?>
<record
    xmlns:xsi="http://www.w3.org/2001/XMLSchema-instance"
    xsi:schemaLocation="http://www.loc.gov/MARC21/slim http://www.loc.gov/standards/marcxml/schema/MARC21slim.xsd"
    xmlns="http://www.loc.gov/MARC21/slim">

  <leader>01312nam a22002537a 4500</leader>
  <controlfield tag="005">20170124103104.0</controlfield>
  <datafield tag="010" ind1=" " ind2=" ">
    <subfield code="a">B-069496</subfield>
  </datafield>
  <datafield tag="020" ind1=" " ind2=" ">
    <subfield code="c">125.00</subfield>
    <subfield code="a">8175660317</subfield>
  </datafield>
  <datafield tag="035" ind1=" " ind2=" ">
    <subfield code="a">B-069496</subfield>
  </datafield>
  <datafield tag="037" ind1=" " ind2=" ">
    <subfield code="b">Cen Lib/Ret</subfield>
  </datafield>
  <datafield tag="040" ind1=" " ind2=" ">
    <subfield code="a">DPL</subfield>
    <subfield code="b">HN</subfield>
  </datafield>
  <datafield tag="082" ind1=" " ind2=" ">
    <subfield code="a">921</subfield>
    <subfield code="b">&#x938;&#x93F;&#x928;&#x94D;&#x939;&#x93E;&#x938;&#x941; </subfield>
  </datafield>
  <datafield tag="100" ind1=" " ind2=" ">
    <subfield code="a">&#x938;&#x93F;&#x928;&#x94D;&#x939;&#x93E;, &#x938;&#x941;&#x916;&#x938;&#x93E;&#x917;&#x930; </subfield>
    <subfield code="9">77743</subfield>
  </datafield>
  <datafield tag="245" ind1=" " ind2=" ">
    <subfield code="a">&#x92E;&#x93E;&#x924;&#x93E;&#x939;&#x93E;&#x930;&#x940; :</subfield>
    <subfield code="c">&#x938;&#x941;&#x916;&#x938;&#x93E;&#x917;&#x930; &#x938;&#x93F;&#x928;&#x94D;&#x939;&#x93E;</subfield>
    <subfield code="b">&#x935;&#x93F;&#x936;&#x94D;&#x935; &#x92A;&#x94D;&#x930;&#x938;&#x93F;&#x926;&#x94D;&#x927; &#x928;&#x930;&#x94D;&#x924;&#x915;&#x940; &#x90F;&#x935;&#x902; &#x936;&#x94D;&#x930;&#x947;&#x937;&#x94D;&#x920; &#x92E;&#x939;&#x93F;&#x932;&#x93E; &#x91C;&#x93E;&#x938;&#x942;&#x938; /</subfield>
  </datafield>
  <datafield tag="246" ind1=" " ind2=" ">
    <subfield code="a">Matahari : vishw prasidh narataki evam shreshth mahila jasoos /</subfield>
    <subfield code="b">by Sukhsagar Sinha </subfield>
  </datafield>
  <datafield tag="260" ind1=" " ind2=" ">
    <subfield code="a">&#x926;&#x93F;&#x932;&#x94D;&#x932;&#x940;  </subfield>
    <subfield code="b">&#x905;&#x935;&#x93F;&#x930;&#x93E;&#x92E; &#x92A;&#x94D;&#x930;&#x915;&#x93E;&#x936;&#x928; </subfield>
    <subfield code="c">2001</subfield>
  </datafield>
  <datafield tag="270" ind1=" " ind2=" ">
    <subfield code="a">29/62, &#x917;&#x932;&#x940;-11, &#x935;&#x93F;&#x936;&#x94D;&#x935;&#x93E;&#x938; &#x928;&#x917;&#x930;, &#x936;&#x93E;&#x939;&#x926;&#x930;&#x93E; </subfield>
    <subfield code="b">&#x926;&#x93F;&#x932;&#x94D;&#x932;&#x940;  </subfield>
    <subfield code="e">110032</subfield>
  </datafield>
  <datafield tag="300" ind1=" " ind2=" ">
    <subfield code="a">96&#x92A;&#x943;. </subfield>
    <subfield code="c">21&#x938;&#x947;&#x92E;&#x940; (&#x938;&#x91C;&#x93F;&#x932;&#x94D;&#x926;)</subfield>
  </datafield>
  <datafield tag="650" ind1=" " ind2=" ">
    <subfield code="a">&#x91C;&#x940;&#x935;&#x928;&#x940;--&#x92E;&#x939;&#x93F;&#x932;&#x93E; &#x91C;&#x93E;&#x938;&#x942;&#x938;</subfield>
    <subfield code="9">5559</subfield>
  </datafield>
  <datafield tag="650" ind1=" " ind2=" ">
    <subfield code="a">&#x91C;&#x940;&#x935;&#x928;&#x940;--&#x92D;&#x93E;&#x930;&#x924;&#x940;&#x92F; &#x936;&#x93E;&#x938;&#x94D;&#x924;&#x94D;&#x930;&#x940;&#x92F; &#x928;&#x943;&#x924;&#x94D;&#x92F; --&#x92E;&#x93E;&#x924;&#x93E;&#x939;&#x93E;&#x930;&#x940;--</subfield>
    <subfield code="9">77744</subfield>
  </datafield>
  <datafield tag="650" ind1=" " ind2=" ">
    <subfield code="a">Biography--Indian classical dance---Matahari</subfield>
    <subfield code="9">77745</subfield>
  </datafield>
  <datafield tag="650" ind1=" " ind2=" ">
    <subfield code="a">Biography--Female Spy</subfield>
    <subfield code="9">77746</subfield>
  </datafield>
  <datafield tag="942" ind1=" " ind2=" ">
    <subfield code="2">ddc</subfield>
    <subfield code="c">HN</subfield>
    <subfield code="h">921</subfield>
    <subfield code="m">&#x938;&#x93F;&#x928;&#x94D;&#x939;&#x93E;&#x938;&#x941; </subfield>
  </datafield>
  <datafield tag="999" ind1=" " ind2=" ">
    <subfield code="c">117970</subfield>
    <subfield code="d">117970</subfield>
  </datafield>
  <datafield tag="952" ind1=" " ind2=" ">
    <subfield code="0">0</subfield>
    <subfield code="1">0</subfield>
    <subfield code="4">0</subfield>
    <subfield code="7">0</subfield>
    <subfield code="a">L</subfield>
    <subfield code="b">L</subfield>
    <subfield code="d">2015-09-09</subfield>
    <subfield code="e">Cen Lib/Ret</subfield>
    <subfield code="g">125.00</subfield>
    <subfield code="l">0</subfield>
    <subfield code="o">921 &#x938;&#x93F;&#x928;&#x94D;&#x939;&#x93E;&#x938;&#x941;</subfield>
    <subfield code="p">B-069496</subfield>
    <subfield code="r">2015-09-09 00:00:00</subfield>
    <subfield code="t">1</subfield>
    <subfield code="v">125.00</subfield>
    <subfield code="w">2015-09-09</subfield>
    <subfield code="y">HN</subfield>
  </datafield>
  <datafield tag="952" ind1=" " ind2=" ">
    <subfield code="0">0</subfield>
    <subfield code="1">0</subfield>
    <subfield code="2">ddc</subfield>
    <subfield code="4">0</subfield>
    <subfield code="7">0</subfield>
    <subfield code="8">NFIC</subfield>
    <subfield code="a">BL1</subfield>
    <subfield code="b">BL1</subfield>
    <subfield code="c">GEN</subfield>
    <subfield code="d">2019-01-23</subfield>
    <subfield code="f">BPPD/PUB</subfield>
    <subfield code="g">125.00</subfield>
    <subfield code="l">0</subfield>
    <subfield code="o">921 &#x938;&#x93F;&#x928;&#x94D;&#x939;&#x93E;&#x938;&#x941;</subfield>
    <subfield code="p">B-69497</subfield>
    <subfield code="r">2019-01-23 00:00:00</subfield>
    <subfield code="v">125.00</subfield>
    <subfield code="w">2019-01-23</subfield>
    <subfield code="y">HN</subfield>
  </datafield>
</record>
